Población, recursos, medio ambiente (Registro nro. 8180)

Detalles MARC
000 -LEADER
fixed length control field 01129 a2200229 4500
001 - CONTROL NUMBER
control field 63463
005 - DATE AND TIME OF LATEST TRANSACTION
control field 20260407155932.0
008 - FIXED-LENGTH DATA ELEMENTS--GENERAL INFORMATION
fixed length control field 260407a1975 arg spa d
003 - CONTROL NUMBER IDENTIFIER
control field AR-UNSa-BCEJYS
040 ## - CATALOGING SOURCE
Original cataloging agency AR-UNSa-BCEJYS
Language of cataloging spa
Transcribing agency AR-UNSa-BCEJYS
080 ## - UNIVERSAL DECIMAL CLASSIFICATION NUMBER
Universal Decimal Classification number 504.75
Common auxiliary subdivision Ecología y medio ambiente humanos
020 ## - INTERNATIONAL STANDARD BOOK NUMBER
International Standard Book Number 978-84-282-0390-6
041 ## - LANGUAGE CODE
Language code of text/sound track or separate title spa
100 1# - MAIN ENTRY--PERSONAL NAME
Personal name Ehrlich, Paul R.
245 10 - TITLE STATEMENT
Title Población, recursos, medio ambiente
Name of part/section of a work aspectos de ecología humana
264 #1 - PRODUCTION, PUBLICATION, DISTRIBUTION, MANUFACTURE, AND COPYRIGHT NOTICE
Place of production, publication, distribution, manufacture Barcelona :
Name of producer, publisher, distributor, manufacturer Ediciones Omega
Date of production, publication, distribution, manufacture, or copyright notice 1975
300 ## - PHYSICAL DESCRIPTION
Extent xiv, 537 p.
Dimensions 24 cm.
505 ## - FORMATTED CONTENTS NOTE
Formatted contents note 1. La crisis – 2. Números de habitantes – 3. Estructura de la población y previsiones – 4. Los límites de la tierra – 5. Producción de alimentos – 6. Amenazas ambientales para el hombre – 7. Ecosistemas en peligro – 8. Población óptima y biología humana – 9. Control de natalidad – 10. Población familiar y control de población – 11. Cambios políticos, sociales y económicos – 12. La escena internacional – 13. Conclusiones –
590 ## - LOCAL NOTE (RLIN)
Local note niveau_biblio:m niveau_hierar:0
700 1# - ADDED ENTRY--PERSONAL NAME
Personal name Ehrlich, Anne H.
942 ## - ADDED ENTRY ELEMENTS (KOHA)
Koha item type
Existencias
Withdrawn status Lost status Damaged status Not for loan Home library Current library Shelving location Date acquired Total checkouts Full call number Barcode Date last seen Price effective from Koha item type
        Biblioteca Prof. Eusebio Cleto del Rey Biblioteca Prof. Eusebio Cleto del Rey   07/04/2026   504.75 E33 L33487 07/04/2026 07/04/2026 Libro